| 000 | 01124nam a22002537a 4500 | ||
|---|---|---|---|
| 005 | 20110125140113.0 | ||
| 008 | 110125t xxu||||| |||| 00| 0 mar d | ||
| 010 | _aMAR-20873 | ||
| 020 |
_c220.00 _a9788184980806 |
||
| 035 | _aMR-13531 | ||
| 037 | _bDBAD / PUB | ||
| 040 |
_aDPL _bMR |
||
| 082 | _a823 | ||
| 100 |
_925582 _aभगत,चेतन |
||
| 245 |
_aद थ्री मिस्टेक्स ऑफ माय लाईफ / _cचेतन भगत : सुप्रिया वकील द्वारा अनुववादित |
||
| 246 |
_aThe 3 Mistakes of My Life _bby Chetan Bhagat |
||
| 260 |
_aमेहता पब्लिसिंग हाऊस _bपुणे _c2009 |
||
| 270 |
_a1941,सदाशिव पेठ,माडीवाले कॉलनी _bपुणे _e411030 |
||
| 300 |
_aसहा,256पृ _c21सेमी (अजिल्द) |
||
| 650 | _928226 | ||
| 650 | _928227 | ||
| 942 |
_2ddc _cMR _h823 _mभगत |
||
| 999 |
_c52540 _d52540 |
||